[Event "Berlin Lichtenberger op 8th"]
[Site "Berlin"]
[Date "2009.08.18"]
[Round "4"]
[White "Forster, Manfred"]
[Black "Petkov, Petar"]
[Result "0-1"]
[WhiteElo "1636"]
[BlackElo "1918"]
[PlyCount "96"]
[EventDate "2009.08.15"]
[EventType "swiss"]
[EventRounds "9"]
[EventCountry "GER"]
[SourceTitle "CBM 131 Extra"]
[Source "ChessBase"]
[SourceDate "2009.09.03"]
[SourceVersion "2"]
[SourceVersionDate "2009.09.16"]
[SourceQuality "1"]

1. d4 Nf6 2. Nc3 g6 3. e4 d6 4. f4 Bg7 5. Nf3 Bg4 6. h3 Bxf3 7. Qxf3 c6 8. Bd3 0-0 9. Ne2 e5 10. fxe5 dxe5 11. c3 Nbd7 12. 0-0 Qa5 13. b4 Qc7 14. Be3 Rae8 15. g4 b6 16. Ng3 exd4 17. cxd4 Nb8 18. Rac1 Qd8 19. Qf2 Qe7 20. Bg5 Nxg4 21. Bxe7 Nxf2 22. Bxf8 Nxd3 23. Bxg7 Nxc1 24. Bh6 Nd3 25. a3 c5 26. bxc5 bxc5 27. Rd1 c4 28. h4 Nc6 29. Be3 f5 30. d5 Nce5 31. Bxa7 fxe4 32. Kf1 Ng4 33. d6 c3 34. Nxe4 c2 35. Ra1 c1Q+ 36. Rxc1 Nxc1 37. Nc5 Ne5 38. Ne4 Kf7 39. Ng5+ Kg8 40. Bb6 Nd7 41. Bc7 h6 42. Nh3 Re3 43. Kg2 Rxa3 44. Nf4 Kf7 45. Bd8 Nd3 46. Ne2 N3e5 47. Nd4 Rd3 48. Nb5 Rd5 0-1

[Event "Berlin Lichtenberger op 8th"]
[Site "Berlin"]
[Date "2009.08.16"]
[Round "2"]
[White "Giemsa, Stephan"]
[Black "Petkov, Petar"]
[Result "1/2-1/2"]
[WhiteElo "2301"]
[BlackElo "1918"]
[PlyCount "40"]
[EventDate "2009.08.15"]
[EventType "swiss"]
[EventRounds "9"]
[EventCountry "GER"]
[SourceTitle "CBM 131 Extra"]
[Source "ChessBase"]
[SourceDate "2009.09.03"]
[SourceVersion "2"]
[SourceVersionDate "2009.09.16"]
[SourceQuality "1"]

1. d4 Nf6 2. c4 e6 3. g3 d5 4. Nf3 dxc4 5. Bg2 Bb4+ 6. Bd2 Qe7 7. Qa4+ Nc6 8. Ne5 Bxd2+ 9. Nxd2 0-0 10. Nxc6 bxc6 11. Bxc6 Rb8 12. Nxc4 Rb4 13. Qc2 Ba6 14. b3 Bxc4 15. bxc4 Qd6 16. d5 exd5 17. cxd5 Qe5 18. 0-0 Rb2 19. Qc5 Rxe2 20. Qxa7 h5 1/2-1/2

[Event "Berlin Lichtenberger op 8th"]
[Site "Berlin"]
[Date "2009.08.16"]
[Round "3"]
[White "Petkov, Petar"]
[Black "Reichenbach, Werner"]
[Result "0-1"]
[WhiteElo "1918"]
[BlackElo "2297"]
[PlyCount "116"]
[EventDate "2009.08.15"]
[EventType "swiss"]
[EventRounds "9"]
[EventCountry "GER"]
[SourceTitle "CBM 131 Extra"]
[Source "ChessBase"]
[SourceDate "2009.09.03"]
[SourceVersion "2"]
[SourceVersionDate "2009.09.16"]
[SourceQuality "1"]

1. e4 g6 2. d4 Bg7 3. Nc3 d6 4. Be3 c6 5. Qd2 b5 6. Bd3 Nd7 7. f3 Ngf6 8. Nge2 Rb8 9. 0-0 0-0 10. Ng3 Qc7 11. Nce2 c5 12. c3 e5 13. b4 a5 14. a3 h5 15. d5 Nh7 16. Bh6 c4 17. Bc2 Bxh6 18. Qxh6 Qa7+ 19. Rf2 Ndf6 20. Qd2 Ra8 21. Nf1 Re8 22. Qe3 Re7 23. bxa5 Qxa5 24. Nd2 Rea7 25. Rff1 Qc7 26. Rfb1 Bd7 27. a4 bxa4 28. Rb4 Rb7 29. Rxb7 Qxb7 30. Nxc4 Qc7 31. Nb6 Ra6 32. Nxd7 Qxd7 33. Qd3 Qa7+ 34. Kf1 Nd7 35. Qb5 Nc5 36. Nc1 Nf6 37. Rb1 Nfd7 38. Na2 Rb6 39. Qe2 Rxb1+ 40. Bxb1 Qb6 41. Nb4 Nb3 42. Ba2 Qc5 43. Qc2 Qb5+ 44. Ke1 Ndc5 45. Bxb3 axb3 46. Qb1 Qc4 47. Kd2 Kg7 48. Nd3 Na4 49. Qc1 Qb5 50. Qa3 b2 51. Nxb2 Nxb2 52. Qb4 Qd3+ 53. Kc1 Nc4 54. Qb3 Qf1+ 55. Kc2 Qxg2+ 56. Kc1 Qg1+ 57. Qd1 Qxh2 58. Qd3 Qa2 0-1